000 02650cam a22001934a 4500
005 20250605164110.0
008 250528s ||||||||||||||||||||||||d
035 _a17851
020 _a9789605278595
040 _aGR-AtMCL
_bgre
_dGR-AtMCL
_eAACR2
245 1 _aΝα Παντρευτεί Κανείς ή να μη Παντρευτεί; / Μια Ψυχαναλυτική - και Όχ Μόνο - Πρσέγγιση στα Θέματα της Ανθρώπινης Σεξουαλικότητας, του Έρωτα, της Αγάπης, της Επιλογής Συντρόφου και του Γάμου
260 _bΆρμος,
_c2014
300 _a352
520 _aΤο βιβλίο αυτό στηρίζεται στην πείρα του συγγραφέα ως ψυχιάτρου, ψυχαναλυτή - ψυχοθεραπευτή και κυρίως στην προσωπική εμπειρία βραχείας ή μακρότερης θεραπείας με πάνω από έξι χιλιάδες ζευγάρια. Πρόλογος, Εισαγωγή, Η Ανθρώπινη Σεξουαλικότητα, Απόψεις για την Πορεία της Γυναικείας Σεξουαλικότητας, Το Φαινόμενο του Έρωτα, Οι Διάφορες Μορφές του Έρωτα, Τα Στάδια της Παιδικής Σεξουαλικότητας, Τι Είναι Αγάπη, Η Σχέση με τους Διάφορους Τύπους Έρωτα, Τα Είδη των Συναισθηματικών Σχέσεων, Γιατί και Πώς Διαλέγουμε Σύντροφο, Συνειδητοί και Ασυνείδητοι Παράγοντες που Καθορίζουν την Επιλογή Συντρόδου, Μια Τυπολογία των Διαφόρων Χαρακτήρων και Προσωπικοτήτων, Η Μεταξύ τους Αλληλεπίδραση και Αρμονία ή Δυσαρμονία, Διάφορα Είδη Γάμου και Πρόβλεψη, Ποιοί Γάμοι Είναι Συμβατοί και Ποιοί Όχι, Θεραπευτικές Παρεμβάσεις και Βραχείες ή Μακρόχρονες στα Προβλήματα του Ζευγαριού, Η Επίδραση της Συζυγικής Δυσαρμονίας ως ένα από τα Βασικότερα Αίτια των Ψυχολογικών Προβλημάτων των Παιδιών και των Ενηλίκων, Επιλεκτική Βιβλιογραφία.
700 1 _aΓιωσαφάτ Ματθαίος
_94134
942 _cBK
999 _c3251
_d3251